[Event "CHI-chT"]
[Site "Santiago de Chile"]
[Date "2012.12.13"]
[Round "7"]
[White "Contardo Oyarzun, Jose"]
[Black "Vilches Romero, Eduardo Enrique"]
[Result "1/2-1/2"]
[WhiteElo "2074"]
[BlackElo "2016"]
[PlyCount "130"]
[EventDate "2012.11.22"]
[EventType "team-tourn"]
[EventRounds "9"]
[EventCountry "CHI"]
[SourceTitle "EXT 2014"]
[Source "ChessBase"]
[SourceDate "2013.11.20"]
[SourceVersion "1"]
[SourceVersionDate "2013.11.20"]
[SourceQuality "1"]

1. e4 Nf6 2. Nc3 d5 3. exd5 Nxd5 4. Bc4 Nb6 5. Bb3 a5 6. a4 Nc6 7. Nf3 Bf5 8. d3 e6 9. 0-0 Bc5 10. Bf4 Bg4 11. h3 Bh5 12. g4 Bg6 13. Nb5 Rc8 14. d4 Be7 15. c4 Nb4 16. Na7 Ra8 17. Nb5 Rc8 18. Na7 Ra8 19. Nb5 Na6 20. d5 exd5 21. cxd5 0-0 22. Rc1 Rc8 23. Re1 Bb4 24. Re2 Qf6 25. Qd4 Qxd4 26. Nbxd4 Nc5 27. Rxc5 Bxc5 28. Nb5 Bd3 29. Rd2 Bxb5 30. axb5 Bd6 31. Be3 Nd7 32. Nd4 Rfe8 33. Nf5 Ne5 34. Kg2 Bb4 35. Rc2 Nd3 36. Kf1 b6 37. Bd4 Bf8 38. d6 cxd6 39. Rxc8 Rxc8 40. Bxb6 Nf4 41. Be3 Ne6 42. b6 Rb8 43. Bd5 Nc5 44. Bxc5 dxc5 45. b7 g6 46. Ne3 Bd6 47. Nc4 Bc7 48. Na3 Rd8 49. Nb5 Bb8 50. Nc3 Kg7 51. Ke2 Kf6 52. Kd3 Ke5 53. Kc4 f5 54. Kxc5 fxg4 55. hxg4 h5 56. gxh5 gxh5 57. Bc6 Ba7+ 58. Kb5 Bxf2 59. Nd5 Ba7 60. Nb6 Bxb6 61. Kxb6 Kd6 62. Bg2 h4 63. Bh3 Rb8 64. b3 Rxb7+ 65. Kxb7 Kc5 1/2-1/2

[Event "Santiago Writers Club"]
[Site "Santiago de Chile"]
[Date "2011.05.02"]
[Round "6.6"]
[White "Moran Reyes, Paulo"]
[Black "Contardo Oyarzun, Jose"]
[Result "0-1"]
[WhiteElo "2142"]
[BlackElo "1949"]
[PlyCount "66"]
[EventDate "2011.04.18"]
[EventType "tourn"]
[EventRounds "11"]
[EventCountry "CHI"]
[SourceTitle "EXT 2024"]
[Source "ChessBase"]
[SourceDate "2023.10.10"]
[SourceVersion "1"]
[SourceVersionDate "2023.10.10"]
[SourceQuality "1"]

1. e4 e6 2. d4 d5 3. e5 c5 4. c3 Qb6 5. Nf3 Bd7 6. a3 Bb5 7. Bd3 Bxd3 8. Qxd3 Nc6 9. b4 c4 10. Qe2 a5 11. Qb2 axb4 12. axb4 Rxa1 13. Qxa1 Qb5 14. Qb2 Qb6 15. 0-0 Nge7 16. Bg5 Nc8 17. Nbd2 Be7 18. Kh1 0-0 19. Bxe7 N6xe7 20. Ng5 h6 21. Nh3 Na7 22. Ra1 Nb5 23. Nf4 Nc6 24. Ne2 Rc8 25. Nb1 Nxe5 26. dxe5 Qxf2 27. Qd2 d4 28. Ra2 Qf1+ 29. Ng1 Qxb1 30. cxd4 c3 31. Qc2 Qxc2 32. Rxc2 Nxd4 33. Rc1 c2 0-1

[Event "Santiago Writers Club"]
[Site "Santiago de Chile"]
[Date "2011.04.27"]
[Round "4.5"]
[White "Cuevas Araya, Walter"]
[Black "Contardo Oyarzun, Jose"]
[Result "1-0"]
[WhiteElo "2245"]
[BlackElo "1949"]
[PlyCount "49"]
[EventDate "2011.04.18"]
[EventType "tourn"]
[EventRounds "11"]
[EventCountry "CHI"]
[SourceTitle "EXT 2024"]
[Source "ChessBase"]
[SourceDate "2023.10.10"]
[SourceVersion "1"]
[SourceVersionDate "2023.10.10"]
[SourceQuality "1"]

1. e4 c5 2. b4 cxb4 3. a3 e6 4. axb4 Bxb4 5. c3 Be7 6. d4 d5 7. e5 Bd7 8. Bd3 Nc6 9. Qg4 g6 10. h4 h5 11. Qg3 Nh6 12. Ne2 Nf5 13. Bxf5 gxf5 14. Qg7 Rf8 15. Qh7 Qb6 16. Qxh5 0-0-0 17. Qf3 f6 18. exf6 Bxf6 19. Nd2 e5 20. Qxd5 exd4 21. Nc4 Qc7 22. Bf4 Be8 23. Qxf5+ Bd7 24. Qc5 Be7 25. Nb6+ 1-0